000 00361nam a22001577a 4500
003 MPLRDC
005 20220104123342.0
008 210129b ||||| |||| 00| 0 eng d
082 _a964 DJY
100 _a董爵云编著
245 _a商标设计
_c
260 _a
_b现代书版公司
_c
300 _b
650 _a工商美术
942 _cBK
_o964 DJY
999 _c10717
_d10707